000 00490 a2200157 4500
999 _c544
_d544
020 _a9781441178466
050 _aD575 WIN 2012
100 _aWinter, Paul
_eAuthor
245 _aDefeating Hitler
_bWhitehall's secret report on why Hitler lost the war /
_cPaul Winter
264 _aLondon :
_bBloomsbury ,
_c2012
300 _axxii, 408 p.
500 _aIncludes notes
650 _aHitler, Adolf, 1889-1945
650 _aWorld War, 1939-1945
_xGreat Britain
942 _2lcc
_cBK
_h575
_iWIN
_k2012